Are You Really A 90's Kid? - Statistics

General Stats
  • This quiz has been taken 320 times
  • The average score is 19 of 39
Answer Stats
Description Answer % Correct
Adventures of dysfunctional family in Springfield Simpsons
89%
mutated turtles that fight crime Teenage Mutant Ninja Turtles
83%
Purple dinosaur Barney
81%
Bit by radioactive spider Spiderman: Animated Series
81%
annoying sister gains entrance to genius brother's lab Dexter's Labratory
77%
white mice. one is smart and the other is insane Pinky and the Brain
75%
10 year old boy catches creatures to become a master Pokemon
74%
Football head shaped kid learns lessons in the city Hey Arnold
73%
iiiiiiin west Philadelphia.............. The Fresh Prince Of Bel-Air
73%
Dipsy, Laa-Laa, Po and Tinky Winky Teletubbies
72%
babies that can talk to each other Rugrats
70%
witch that has talking black cat Sabrina The Teenage Witch
68%
Four bears with pictures on their bellies Care Bears
65%
conjoined animal faces problems (combo of two animals) Catdog
63%
their commander is in a wheelchair X-men: Animated Series
62%
character that spins and looks like a tornado. sounds like the name of an animal Taz-Mania Devil
59%
school kids enjoying their time on a playground Recess
58%
Warner Bros. characters. wakko yakko and daisy Animaniacs
57%
Kindergarden teacher teaches kids using magical vehicle The Magic School Bus
55%
Bob Saget stars in show as a father named danny tanner Full House
54%
Traveling English Family observes wildlife The Wild Thornberrys
49%
Pizza delivery boy frozen for 1000 years Futurama
48%
sugar, spice, and everything nice The Powerpuff Girls
48%
Beavers The Angry Beavers
46%
stone creatures come to life Gargoyles
43%
3 adolescent boys scam neighborhood kids Ed, Edd, Eddy
39%
girl does crazy skits. sometimes slaps people with a fish The Amanda Show
35%
girl living in San Francisco has psychic abilities That's So Raven
34%
Hawaiian children. like surfing Rocket Power
31%
has a little character of her that pops up and gives advice/commentary Lizzie McGuire
29%
crime fighting ninjas Power Rangers
29%
guy constantly gets shut down by every girl Johnny Bravo
27%
kids get transported to digital world Digimon
19%
writes in journal about the common predicaments Doug
17%
animals that walk and talk like humans Arthur
13%
Girl keeps diary of her life As Told by Ginger
13%
civilian identity was Usagi Tsukino Sailor Moon
9%
Gameshow involves kids going through maze Legend Of The Hidden Temple
8%
duo that both use gadgets The Adventures of Batman and Robin
7%
No matching quizzes found
Score Distribution
Percent of People with Each Score
Percentile by Number Answered
Your Score History
You have not taken this quiz